00570nam a22001817a 450000500170000001000150001702000110003203500140004303700090005708200210006610000270008724500870011425000060020126000180020727001370022530000200036276000060038220251216110747.0 aENG-147303 c700.00 aEN-130835 bDBAD a320.607172421st aSharma, Surinder Mohan aSocial-Economic Offences General Awareness/cSurinder Mohan Sharma, Harkanwal Kaur a1 aBUNIYADc2022 a14, Shashtri Nagar, Near Baba School, Street No. 1, Majitha Road, Gopal Nagar, bAmritsare143001k8283937711mrupowaliasr@gmail.com a500pc22 cm(Pb) b1